|
|
|
|
| LEADER |
01402nam a2200349 4500 |
| 001 |
DLU140164301 |
| 005 |
##20140923 |
| 040 |
# |
# |
|a DLU
|b vie
|
| 041 |
# |
# |
|a vie
|
| 044 |
# |
# |
|a vn
|
| 082 |
# |
# |
|a 332.1
|b Tin
|
| 245 |
# |
# |
|a Tín dụng ngân hàng - Nghiệp vụ ngân hàng thương mại /
|c Nguyễn Đăng Dờn chủ biên, ... [et al.].
|
| 260 |
# |
# |
|a H. :
|b Thống kê,
|c 2005.
|
| 300 |
# |
# |
|a 341 tr. ;
|c 21 cm.
|
| 505 |
# |
# |
|a Chương I. Tổng quan về ngân hàng thương mại -- Chương II. Tín dụng ngắn hạn tài trợ cho kinh doanh -- Chương III. Tín dụng trung dài hạn để tài trợ cho đầu tư -- Chương IV. Cho thuê tài chính -- Chương V. Hệ thống thanh toán không dùng tiền mặt ở Việt Nam -- Chương VI. Nghiệp vụ bảo lãnh ngân hàng -- Chương VIII. Các nghiệp vụ ngân hàng quốc tế.
|
| 650 |
# |
# |
|a Tín dụng ngân hàng
|x Nguyên tắc và thủ tục.
|
| 700 |
# |
# |
|a Hoàng Đức,
|c TS.
|
| 700 |
# |
# |
|a Nguyễn Đăng Dờn,
|c PGS.TS.
|e chủ biên.
|
| 700 |
# |
# |
|a Nguyễn Quốc Anh,
|c ThS.
|
| 700 |
# |
# |
|a Trầm Xuân Hương,
|c TS.
|
| 700 |
# |
# |
|a Trần Huy Hoàng,
|c TS.
|
| 923 |
# |
# |
|a 03/2014
|
| 991 |
# |
# |
|a SH
|
| 992 |
# |
# |
|a 29000
|
| 994 |
# |
# |
|a DLU
|
| 900 |
# |
# |
|a True
|
| 911 |
# |
# |
|a Đào Thị Thu Huyền
|
| 925 |
# |
# |
|a G
|
| 926 |
# |
# |
|a A
|
| 927 |
# |
# |
|a SH
|
| 980 |
# |
# |
|a Thư viện Trường Đại học Đà Lạt
|